Statistics for The 100 Greatest Novels

Click here to take the quiz!

General Stats

  • This quiz has been taken 38,045 times
    (38,032 since last reset)
  • The average score is 22 of 100

Answer Stats

#AuthorNovel% Correct
69J.K. RowlingHarry Potter and the
Sorcerer's Stone
79%
59George Orwell1984
77%
16Jane AustenPride and Prejudice
74%
8Leo TolstoyWar and Peace
73%
10Mark TwainThe Adventures
of Huckleberry Finn
69%
6Herman MelvilleMoby-Dick
66%
23F. Scott FitzgeraldThe Great Gatsby
66%
64George OrwellAnimal Farm
63%
77Mary ShelleyFrankenstein
59%
51Charles DickensOliver Twist
59%
42John SteinbeckThe Grapes of Wrath
56%
14Charles DickensGreat Expectations
55%
74Charles DickensA Tale of Two Cities
53%
43J.D. SalingerThe Catcher in the Rye
53%
13Fyodor DostoevskyCrime and Punishment
50%
5Miguel de CervantesDon Quixote
50%
15Victor HugoLes Miserables
50%
57John SteinbeckOf Mice and Men
50%
46Emily BronteWuthering Heights
48%
30Leo TolstoyAnna Karenina
45%
45Charlotte BronteJane Eyre
44%
21James JoyceUlysses
43%
44Jane AustenEmma
41%
31Joseph ConradHeart of Darkness
39%
71Jack KerouacOn the Road
37%
82Nathaniel HawthorneThe Scarlet Letter
31%
94Charles DickensDavid Copperfield
30%
11Gabriel Garcia MarquezOne Hundred Years
of Solitude
30%
49Truman CapoteIn Cold Blood
28%
2Fyodor DostoevskyThe Brothers Karamazov
27%
88Ernest HemingwayFor Whom the Bell Tolls
25%
22Gustave FlaubertMadame Bovary
24%
48Ken KeseyOne Flew Over the
Cuckoo's Nest
23%
17Fyodor DostoevskyThe Idiot
22%
65James Fenimore CooperThe Last of the Mohicans
21%
18Ernest HemingwayThe Sun Also Rises
20%
1Marcel ProustIn Search of Lost Time
19%
20Franz KafkaThe Trial
19%
73Thomas HardyTess of the d'Urbervilles
18%
70Arthur Conan DoyleThe Hound of the Baskervilles
18%
24William FaulknerThe Sound and the Fury
18%
32Virginia WoolfTo the Lighthouse
18%
38Ian McEwanAtonement
17%
37Charles DickensBleak House
17%
97Frank HerbertDune
17%
25George EliotMiddlemarch
17%
33William ThackerayVanity Fair
16%
26Ralph EllisonInvisible Man
15%
93Virginia WoolfMrs. Dalloway
15%
84William FaulknerAs I Lay Dying
14%
72Rudyard KiplingKim
14%
61Evelyn WaughBrideshead Revisited
12%
98Thomas HardyJude the Obscure
11%
3Thomas MannThe Magic Mountain
11%
29Henry JamesThe Portrait of a Lady
11%
28StendhalThe Red and the Black
10%
9Henry FieldingTom Jones
10%
7William FaulknerAbsalom, Absalom!
9%
100Thomas PynchonGravity's Rainbow
9%
58Joseph ConradLord Jim
9%
39George EliotSilas Marner
9%
87David Foster WallaceInfinite Jest
8%
50Henry JamesThe American
8%
68Raymond ChandlerThe Big Sleep
8%
54Jonathan FranzenThe Corrections
8%
34Ivan TurgenevFathers and Sons
7%
67Kingsley AmisLucky Jim
7%
53John FowlesThe French
Lieutenant's Woman
7%
55Laurence SterneTristram Shandy
7%
91Thomas MannBuddenbrooks
6%
89Fyodor DostoevskyDemons/The Possessed
6%
35Vladimir NabokovPale Fire
6%
4Henry JamesThe Ambassadors
6%
85Henry JamesDaisy Miller
5%
81Martin AmisMoney
5%
80William GibsonNeuromancer
5%
47Joseph ConradNostromo
5%
40Fyodor DostoevskyThe Gambler
5%
27Henry JamesThe Golden Bowl
5%
83Agatha ChristieThe Murder of Roger Ackroyd
5%
86Thomas HardyThe Return of the Native
5%
12Henry JamesThe Wings of the Dove
5%
75Philip RothAmerican Pastoral
4%
63Willa CatherDeath Comes for the
Archbishop
4%
41Honore de BalzacLe Pere Goriot
4%
79Zane GreyRiders of the Purple Sage
4%
36Saul BellowThe Adventures of
Augie March
4%
56Nathanel WestThe Day of the Locust
4%
66Graham GreeneThe Power and the Glory
4%
96V.S. NaipaulA Bend in the River
3%
52Nathanael WestMiss Lonelyhearts
3%
62StendhalThe Charterhouse of Parma
3%
90Leo TolstoyThe Death of Ivan Illych
3%
76Robert HeinlenThe Moon is a Harsh Mistress
3%
99Philip K. DickUbik
3%
78Jonathan LethemThe Fortress of Solitude
2%
92Leo TolstoyThe Kreutzer Sonata
2%
60Edgar Allan PoeThe Narrative of Arthur
Gordon Pym of Nantucket
2%
19Hermann BrochThe Sleepwalkers
2%
95Henry JamesThe Spoils of Poynton
2%

Score Distribution

Percentile by Number Answered

Percent of People with Each Score

Your Score History

You have not taken this quiz since the last reset